Statistics for Countries Closest to Buenos Aires

Click here to take the quiz!

General Stats

  • This quiz has been taken 84 times
  • The average score is 10 of 10

Answer Stats

Distance (Kilometers (Miles))Answer% Correct
451.8 (280.7)Brazil
100%
1,046.6 (650.3)Chile
100%
3,582.4 (2,226)Colombia
100%
3,915.5 (2,433)Ecuador
100%
801.8 (498.2)Paraguay
100%
2,148.4 (1,335)Peru
100%
48.3 (30)Uruguay
100%
1,426 (886.1)Bolivia
99%
3,990.6 (2,479.6)Venezuela
96%
3,978.2 (2,472)Guyana
88%

Score Distribution

Percentile by Number Answered

Percent of People with Each Score

Your Score History

You have not taken this quiz